000 00314nam a2200145Ia 4500
100 _aWagh/ V.K.
650 _aElectrical Engineering
942 _cBK
654 _aradios
245 _ahow to repair radios
260 _bWagh tech. pub.
_aBombay
_c1979
082 _a621.38
300 _a136
546 _aENGLISH
999 _c25937
_d25937